000 00242nam a2200097Ia 4500
001 679681
005 20250826161100.0
008 250824s9999 xx 000 0 und d
245 0 _aKOCAMAN KALPLİ
_cJO HOESTLAND
260 _bGÜNIŞIĞI YAYINLARI
999 _c679681
_d679681